000 00429nam a2200169Ia 4500
999 _c5971
_d5971
003 OSt
005 20250317141534.0
008 201214s9999 xx 000 0 und d
040 _cIMU Kolkata
100 _aFoster, Douglas W.
_95842
245 0 _aSuccessful Management in Developing Countries: 1. Corporate Management
260 _aNew Delhi
260 _bOrient Longman
260 _c1983
300 _a101
942 _cBK
_2ddc